| 000 | 00380nam a2200109Ia 4500 | ||
|---|---|---|---|
| 008 | 171204s9999 xx 000 0 und d | ||
| 245 | _aTeaching Students to Drive Their Brains: Metacognitive Strategies, Activities, and Lesson Ideas | ||
| 245 | _cDonna Wilson | ||
| 260 | _c2016 | ||
| 650 | _xPRF Ed 4: Facilitating Learning | ||
| 856 | _uhttp://down.ebook777.com/036/141662211X.pdf | ||
| 999 |
_c345876 _d345876 |
||